Best Quarterbacks of the 2000s - Statistics

General Stats
  • This quiz has been taken 307 times
    285 since last reset
  • The average score is 23 of 28
Answer Stats
Main Team Career Answer % Correct
New England Patriots 2000- Tom Brady
100%
Indianapolis Colts 1998-2016 Peyton Manning
98%
New York Giants 2004-2020 Eli Manning
97%
Baltimore Ravens 2018- Lamar Jackson
96%
Kansas City Chiefs 2017- Patrick Mahomes
95%
Green Bay Packers 2005- Aaron Rodgers
94%
New Orleans Saints 2001- Drew Brees
92%
Pittsburgh Steelers 2004- Ben Roethlisberger
91%
Dallas Cowboys 2016- Dak Prescott
90%
Seattle Seahawks 2012- Russell Wilson
90%
Green Bay Packers 1991-2010 Brett Favre
89%
Indianapolis Colts 2012-2019 Andrew Luck
87%
Carolina Panthers 2012- Cam Newton
87%
Detroit Lions 2009- Matthew Stafford
86%
Los Angeles Chargers 2004- Philip Rivers
86%
Washington Redskins 2012- Kirk Cousins
84%
Atlanta Falcons 2008- Matt Ryan
84%
Houston Texans 2017- Deshaun Watson
83%
Philadelphia Eagles 2016- Carson Wentz
81%
Dallas Cowboys 2003-2017 Tony Romo
78%
Kansas City Chiefs 2005- Alex Smith
73%
Atlanta Falcons 2000-2017 Michael Vick
72%
Philadelphia Eagles 1999-2011 Donovan McNabb
68%
Arizona Cardinals 1997-2010 Kurt Warner
62%
Tennessee Titans 1995-2007 Steve McNair
54%
Houston Texans 2004- Matt Schaub
51%
Minnesota Vikings 1999-2010 Daunte Culpepper
49%
Minnesota Vikings 2014- Teddy Bridgewater
44%
No matching quizzes found
Score Distribution
Percent of People with Each Score
Percentile by Number Answered
Your Score History
You have not taken this quiz since the last reset